000 00464nam a22001577a 4500
005 20250313133717.0
008 250313b |||||||| |||| 00| 0 eng d
020 _a9780883904084
050 _aHD 66
_bSPI
100 _aSPIEGEL, JERRY
245 _aMANAGER,S OFFICIAL GUIDE TO TEAM WORKING
_cJERRY SPIEGEL, CRESENCIO TORRES
260 _aJOHANNESBURG
_bPFEIFFER & COMPANY
_cc1994
300 _axiii, 159p.;
_bill
700 _aCRESENCIO TORRES
942 _2lcc
_cBK
_n0
999 _c4761
_d4761